[Event "FRA-chT2 0405"]
[Site "France"]
[Date "2004.10.10"]
[Round "1.4"]
[White "Mourad, Houssam"]
[Black "Joly, Fabrice"]
[Result "0-1"]
[WhiteElo "2030"]
[BlackElo "2132"]
[PlyCount "128"]
[EventDate "2004.10.10"]
[EventType "team"]
[EventRounds "11"]
[EventCountry "FRA"]
[SourceTitle "EXT 2006"]
[Source "ChessBase"]
[SourceDate "2005.11.24"]
[SourceVersion "1"]
[SourceVersionDate "2005.11.24"]
[SourceQuality "1"]

1. e4 c5 2. Nf3 Nc6 3. Bb5 e6 4. 0-0 Nge7 5. Re1 a6 6. Bf1 g6 7. d3 Bg7 8. Nc3 b5 9. Bg5 h6 10. Bf4 e5 11. Be3 Nd4 12. Nd5 d6 13. c3 Nxd5 14. exd5 Nf5 15. d4 cxd4 16. Nxd4 Nxe3 17. Rxe3 0-0 18. Nc6 Qb6 19. Ne7+ Kh7 20. Nxc8 Raxc8 21. a4 f5 22. Qb3 Rc5 23. axb5 axb5 24. c4 b4 25. Ra4 Rb8 26. Re1 Ra5 27. Rea1 Rxa4 28. Rxa4 e4 29. Qc2 e3 30. fxe3 Qxe3+ 31. Qf2 Qxf2+ 32. Kxf2 Bxb2 33. Ke3 Kg7 34. Ra6 Be5 35. Ra5 Re8 36. Kd2 Bxh2 37. Rb5 Bg3 38. Be2 Bf2 39. Rxb4 Kf6 40. Rb3 h5 41. Rf3 Bc5 42. Rb3 Rh8 43. Rh3 h4 44. Bf1 Bf2 45. Rf3 Bc5 46. Rh3 f4 47. Rb3 g5 48. Be2 Be3+ 49. Ke1 h3 50. gxh3 Rxh3 51. Kf1 Rg3 52. Bd3 f3 53. Ke1 Ke5 54. Bf1 Bc5 55. Rb8 Rg1 56. Rb1 Be3 57. Rd1 g4 58. Rd3 Kf4 59. Ra3 g3 60. c5 Bf2+ 61. Kd2 Rxf1 62. c6 Bb6 63. Rb3 Ba5+ 64. Kc2 g2 0-1

[Event "FRA-ch op-B"]
[Site "Aix les Bains"]
[Date "2003.08.21"]
[Round "3"]
[White "Valenet, Olivier"]
[Black "Mourad, Houssam"]
[Result "1-0"]
[WhiteElo "1870"]
[BlackElo "1990"]
[PlyCount "137"]
[EventDate "2003.08.19"]
[EventType "swiss"]
[EventRounds "9"]
[EventCountry "FRA"]
[SourceTitle "EXT 2004"]
[Source "ChessBase"]
[SourceDate "2003.11.25"]
[SourceVersion "1"]
[SourceVersionDate "2003.11.25"]
[SourceQuality "1"]

1. d4 e6 2. c4 Nf6 3. Nf3 c5 4. d5 d6 5. Nc3 a6 6. a4 g6 7. e4 e5 8. Be2 Bg7 9. 0-0 0-0 10. Ne1 Ne8 11. f4 f5 12. Bf3 Qh4 13. g3 Qe7 14. Qe2 fxe4 15. Nxe4 Bh3 16. Ng2 h6 17. Ra3 Nd7 18. Re1 Bxg2 19. Kxg2 exf4 20. Bxf4 Ne5 21. Bxe5 Bxe5 22. Nxc5 Rc8 23. Ne6 Rf7 24. Qc2 Qf6 25. Rae3 Bxb2 26. Nf4 Ng7 27. Qxg6 Rxc4 28. Re8+ Rf8 29. Rxf8+ Kxf8 30. Qh7 Rxf4 31. gxf4 Qxf4 32. Qe4 Qg5+ 33. Kh1 Be5 34. Rf1 Kg8 35. Qg4 Qxg4 36. Bxg4 b6 37. Rc1 Bd4 38. Be2 a5 39. Rc7 Kf8 40. Kg2 Nf5 41. Kh3 Ne7 42. Bf3 Kf7 43. Kg2 Kf6 44. Kf1 Nf5 45. Ke2 Be5 46. h3 Nd4+ 47. Ke3 Nxf3 48. Kxf3 Kf5 49. Rb7 Bd4 50. Re7 Be5 51. Re6 h5 52. h4 Bh2 53. Rh6 Ke5 54. Rxh5+ Kd4 55. Rg5 Be5 56. Rxe5 Kxe5 57. Kg4 Kf6 58. h5 Kg7 59. Kf5 b5 60. axb5 a4 61. b6 a3 62. b7 a2 63. b8Q a1Q 64. Qc7+ Kg8 65. Qd8+ Kh7 66. Qe7+ Kg8 67. Qe6+ Kh7 68. Qg6+ Kh8 69. Qf6+ 1-0

[Event "FRA-ch op-B"]
[Site "Aix les Bains"]
[Date "2003.08.19"]
[Round "1"]
[White "Coquet, Michel"]
[Black "Mourad, Houssam"]
[Result "0-1"]
[WhiteElo "1800"]
[BlackElo "1990"]
[PlyCount "86"]
[EventDate "2003.08.19"]
[EventType "swiss"]
[EventRounds "9"]
[EventCountry "FRA"]
[SourceTitle "EXT 2004"]
[Source "ChessBase"]
[SourceDate "2003.11.25"]
[SourceVersion "1"]
[SourceVersionDate "2003.11.25"]
[SourceQuality "1"]

1. e4 e6 2. d4 d5 3. exd5 exd5 4. Bd3 Bd6 5. Be3 Ne7 6. Nf3 Bf5 7. 0-0 0-0 8. Nc3 c6 9. Qd2 Bxd3 10. Qxd3 f6 11. Rae1 Na6 12. a3 Qd7 13. Bc1 Nc7 14. Ne2 Ne6 15. Ng3 Nf4 16. Bxf4 Bxf4 17. Nh5 Bc7 18. Nh4 Rae8 19. Re3 Qg4 20. Nxg7 Kxg7 21. Rxe7+ Rxe7 22. Nf5+ Kh8 23. Nxe7 Qe4 24. Qxe4 dxe4 25. c4 f5 26. d5 Bd6 27. Rd1 Bxe7 28. dxc6 bxc6 29. g3 Rd8 30. Rxd8+ Bxd8 31. Kf1 Kg7 32. Ke2 Kf6 33. b4 Ke5 34. Ke3 Bb6+ 35. c5 Bd8 36. h4 Bc7 37. a4 Kd5 38. f3 Bxg3 39. fxe4+ fxe4 40. h5 a6 41. b5 axb5 42. a5 Kxc5 43. Kxe4 Be1 0-1